| 000 | 00362nam a22001337a 4500 | ||
|---|---|---|---|
| 020 | _a0-8717-088-3 | ||
| 082 | _a669.142 WOR'U | ||
| 100 |
_aPENZENIK, MARILYN,UNTERWEISER, PAUL M _975285 |
||
| 245 | _aWORLDWIDE GUIDE TO EQUIVALENT IRONS AND STEEL | ||
| 260 |
_aOHIO _bASM _c1979 |
||
| 300 | _a575P | ||
| 650 |
_aSTEEL ALLOYS HANDBOOK MANUA _975286 |
||
| 942 | _cBK | ||
| 999 |
_c580731 _d580731 |
||